Floresta española (1574) / (Record no. 181633)

MARC details
000 -LEADER
campo de control de longitud fija 01136nam a2200253 i 4500
001 - NÚMERO DE CONTROL
campo de control 181633
003 - IDENTIFICADOR DE NÚMERO DE CONTROL
campo de control ES-MaACL
005 - FECHA Y HORA DE LA ÚLTIMA TRANSACCIÓN
campo de control 20250824085148.0
008 - DATOS DE LONGITUD FIJA--INFORMACIÓN GENERAL
campo de control de longitud fija 130226s1953 sp |||| | spa d
080 ## - NÚMERO DE LA CLASIFICACIÓN DECIMAL UNIVERSAL
Número de la Clasificación Decimal Universal 821.134.2-84"15"
100 1# - ENTRADA PRINCIPAL--NOMBRE DE PERSONA
Nombre de persona Santa Cruz de Dueñas, Melchor de.
9 (RLIN) 152384
245 10 - MENCIÓN DEL TÍTULO
Título Floresta española (1574) /
Mención de responsabilidad, etc. por Melchor de Santa Cruz de Dueña .
Resto del título y Los dichos o sentencias de los siete sabios de Grecia (1549) / por Hernán López de Yanguas ; los pública la Sociedad de Bibliófilos Españoles.
260 ## - PUBLICACIÓN, DISTRIBUCIÓN, ETC.
Lugar de publicación, distribución, etc. Madrid :
Nombre del editor, distribuidor, etc. Sociedad de Bibliófilos Españoles,
Fecha de publicación, distribución, etc. 1953.
300 ## - DESCRIPCIÓN FÍSICA
Extensión XXX, 318 p., 1 h. de facs. ;
Dimensiones 24 cm.
490 1# - MENCIÓN DE SERIE
Mención de serie Sociedad de Bibliófilos Españoles. Segunda época ;
Designación de volumen o secuencia 29
650 #4 - PUNTO DE ACCESO ADICIONAL DE MATERIA--TÉRMINO DE MATERIA
Término de materia o nombre geográfico como elemento de entrada Máximas y aforismos.
9 (RLIN) 14865
650 #4 - PUNTO DE ACCESO ADICIONAL DE MATERIA--TÉRMINO DE MATERIA
Término de materia o nombre geográfico como elemento de entrada Siete sabios de Grecia.
9 (RLIN) 174110
700 1# - ENTRADA AGREGADA--NOMBRE PERSONAL
Nombre de persona López de Yanguas, Hernán.
9 (RLIN) 152385
710 2# - ENTRADA AGREGADA--NOMBRE DE ENTIDAD CORPORATIVA
Nombre de entidad corporativa o nombre de jurisdicción como elemento de entrada Sociedad de Bibliófilos Españoles.
9 (RLIN) 6661
740 42 - ENTRADA AGREGADA--TÍTULO RELACIONADO/ANALÍTICO NO CONTROLADO
Título relacionado o analítico no controlado Los dichos o sentencias de los siete sabios de Grecia (1549)
830 10 - PUNTO DE ACCESO ADICIONAL DE SERIE-TÍTULO UNIFORME
Título uniforme Sociedad de Bibliófilos Españoles. Segunda época
Designación de volumen o secuencia 29
9 (RLIN) 191496
852 4# - LOCALIZACIÓN
Ubicación ES-MaACL
Número de control de estantería J-7(II-29)
Holdings
Estatus retirado Estado de pérdida Estado de daño No para préstamo Biblioteca de origen Biblioteca actual Ubicación en estantería Fecha de adquisición Fuente de adquisición Total de préstamos Signatura topográfica completa Código de barras Visto por última vez Precio de reemplazo Tipo de ítem Koha
        Biblioteca del Ateneo de Madrid Biblioteca del Ateneo de Madrid Depósito 2 26/02/2013     J-7(II-29) 1190879 23/02/2023 23/02/2023 Libro impreso